Bytový dom

Guardado en:
Detalles Bibliográficos
Autor principal: Hlodáková, Natália (Autor)
Otros Autores: Bisták, Andrej (Orientador)
Formato: Manuscrito Libro
Lenguaje:eslovaco
Publicado: 2021
Materias:
Acceso en línea:http://is.stuba.sk/zp/portal_zp.pl?podrobnosti=155582
https://opac.crzp.sk/?fn=detailBiblioForm&sid=7E417B54B864B7C45221FA4635AB
Etiquetas: Agregar Etiqueta
Sin Etiquetas, Sea el primero en etiquetar este registro!

MARC

LEADER 00000ntm a22000003a 4500
001 stuzp84310
003 SK-STU
005 20230512140610.0
007 ta
008 150427s2015----xo-----f-mn---000-0-slo-d
040 |a STU  |b slo 
041 0 |a slo 
100 1 |a Hlodáková, Natália  |u 010270  |4 aut  |U SvF Stavebná fakulta  |T SvF Katedra technológie stavieb  |X 81254  |U V270  |Y 28  |7 81254 
242 0 1 |a Residential house  |y eng 
245 1 0 |a Bytový dom 
260 |c 2021 
650 4 |a Bytový dom  |2 slo 
650 4 |a Projekt organizácie výstavby  |2 slo 
650 4 |a Kladenie dlažby  |2 slo 
650 4 |a Apartment building  |2 eng 
650 4 |a Construction organization project  |2 eng 
650 4 |a Paving  |2 eng 
700 1 |a Bisták, Andrej  |u 010906  |k Z7  |4 ths  |U SvF Oddelenie projektov a vonkajších vzťahov  |T SvF Oddelenie vzťahov s verejnosťou  |X 66824  |U 010906  |Y 188  |7 A000066824 
856 4 |u http://is.stuba.sk/zp/portal_zp.pl?podrobnosti=155582 
856 4 |u https://opac.crzp.sk/?fn=detailBiblioForm&sid=7E417B54B864B7C45221FA4635AB